Major Professional Sports Teams - Statistics

General Stats
  • This quiz has been taken 131 times
    120 since last reset
  • The average score is 11 of 18
Answer Stats
League City Team % Correct
NBA Indianapolis, Indiana Indiana Pacers
94%
MLB Cleveland, Ohio Cleveland Indians
90%
NHL Boston, Massachusetts Boston Bruins
89%
NFL Seattle, Washington Seattle Seahawks
84%
MLB Detroit, Michigan Detroit Tigers
79%
NBA Houston, Texas Houston Rockets
79%
NBA Milwaukee, Wisconsin Milwaukee Bucks
76%
NFL San Diego, California San Diego Chargers
75%
MLB Miami, Florida Miami Marlins
72%
NHL Nashville,Tennessee Nashville Predators
72%
NFL Landover, Maryland Washington Redskins
71%
NHL Raleigh, North Carolina Carolina Hurricanes
58%
MLS Portland, Oregon Portland Timbers
36%
CFL Toronto, Ontario Toronto Argonauts
27%
MLS Kansas City, Kansas Sporting Kansas City
22%
CFL Montreal, Quebec Montreal Alouettes
21%
CFL Calgary, Alberta Calgary Stampeders
19%
MLS Chester, Pennsylvania Philadelphia Union
19%
No matching quizzes found
Score Distribution
Percent of People with Each Score
Percentile by Number Answered
Your Score History
You have not taken this quiz since the last reset